| 000 | 00724cam a2200181 4500 | ||
|---|---|---|---|
| 040 | _cDLC | ||
| 082 | 0 | 0 | _a576 VIR 1971 A106 Or. |
| 245 | 0 | 4 | _aThe Structure and function of fresh-water microbial communities. |
| 260 |
_aBlacksburg, _bVirginia Polytechnic Institute and State University _c[1971] |
||
| 300 |
_aviii, 300 p. _billus. _c24 cm. |
||
| 490 | 1 | _aResearch Division monograph 3 | |
| 500 | _aOn cover: American Microscopical Society Symposium. | ||
| 500 | _aThis book is a compilation of manuscripts prepared following the 1969 symposium sponsored by the American Microscopical Society. | ||
| 650 | 0 | _aFreshwater microbiology | |
| 700 | 1 | _aCairns, John, | |
| 710 | 2 | _aAmerican Microscopical Society. | |
| 942 | _cEK | ||
| 999 |
_c17019 _d17019 |
||